UBT Library

FUNDAMENTALS OF MOLECULAR EVOLUTION (Record no. 60693)

000 -LEADER
fixed length control field 00353nam a22001457a 4500
008 - FIXED-LENGTH DATA ELEMENTS--GENERAL INFORMATION
fixed length control field 250423b ||||| |||| 00| 0 eng d
020 ## - INTERNATIONAL STANDARD BOOK NUMBER
International Standard Book Number 08789345291991
041 ## - LANGUAGE CODE
Language code of text/sound track or separate title eng
080 ## - UNIVERSAL DECIMAL CLASSIFICATION NUMBER
Edition identifier 1991
Universal Decimal Classification number 547HSI
082 ## - DEWEY DECIMAL CLASSIFICATION NUMBER
Edition number 547HSI
Classification number 547HSI
100 ## - Rafti
Rafti 15
101 ## - Shkurtesa
Shkurtesa BIOKIMI
245 ## - TITLE STATEMENT
Title FUNDAMENTALS OF MOLECULAR EVOLUTION
Statement of responsibility, etc WEN HSIUNG LI
942 ## - ADDED ENTRY ELEMENTS (KOHA)
Source of classification or shelving scheme
Item type Books
Holdings
Withdrawn status Lost status Source of classification or shelving scheme Damaged status Not for loan Collection code Permanent location Current location Date acquired Total Checkouts Full call number Barcode Date last seen Price effective from Koha item type
          Koleksioni i përgjithshem UBT - Lipjan UBT - Lipjan 04/23/2025   547HSI 002-800070999585 04/23/2025 04/23/2025 Books
UBT Library © 2015-2024. All rights reserved University Education for Business and Technology